000 00470nam a2200157 i 4500
001 75818
003 ES-MaACL
005 20230906172618.0
007 t|
008 040927s1961 sp ||||1| cat d
100 1 _aGuasp Gelabert, Bartoméu.
_960364
245 1 0 _aObra diversa en vers i en prosa /
_cde Bartoméu Guasp Gelabert.
260 _aPalma de Mallorca :
_b[s.n.,
_c1961] (
_fPolitécnica)
300 _a319 p. ;
_c14 cm.
852 _aES-MaACL
_jC-20243
_bR.48505
999 _c75818
_d75818